[Event "ITA-chT (Women)"]
[Site "Bacoli"]
[Date "2023.05.01"]
[Round "7.4"]
[White "Glover, Sharon"]
[Black "Brunello, Roberta"]
[Result "1/2-1/2"]
[WhiteElo "1441"]
[BlackElo "1924"]
[PlyCount "22"]
[EventDate "2023.04.25"]
[EventType "team-tourn"]
[EventRounds "7"]
[EventCountry "ITA"]
[SourceTitle "CBM 214 Extra"]
[Source "ChessBase"]
[SourceDate "2023.07.31"]
[SourceVersion "1"]
[SourceVersionDate "2023.07.31"]
[SourceQuality "1"]

1. d4 d5 2. c4 e6 3. Nc3 Nf6 4. Bg5 Nbd7 5. e3 Be7 6. Nf3 c6 7. cxd5 exd5 8. Bd3 0-0 9. 0-0 Re8 10. Rc1 Ne4 11. Bxe7 Qxe7 1/2-1/2

[Event "ITA-chT (Women)"]
[Site "Montesilvano"]
[Date "2021.09.22"]
[Round "1.4"]
[White "Brunello, Roberta"]
[Black "Scaranaro, Martina"]
[Result "1-0"]
[WhiteElo "1944"]
[BlackElo "1045"]
[PlyCount "41"]
[EventDate "2021.09.22"]
[EventType "team-tourn"]
[EventRounds "7"]
[EventCountry "ITA"]
[SourceTitle "EXT 2023"]
[Source "ChessBase"]
[SourceDate "2022.10.05"]
[SourceVersion "1"]
[SourceVersionDate "2022.10.05"]
[SourceQuality "1"]
[WhiteTeam "Caissa Italia Pentole Agnelli (W)"]
[BlackTeam "Capa Girls (W)"]
[WhiteTeamCountry "ITA"]
[BlackTeamCountry "ITA"]

1. e4 e5 2. Nf3 Nc6 3. Bc4 Bc5 4. d3 Nf6 5. 0-0 d6 6. c3 Bg4 7. Nbd2 0-0 8. h3 Bh5 9. Re1 a6 10. a4 Na7 11. b4 d5 12. exd5 Bd6 13. Nf1 c6 14. dxc6 Nxc6 15. Ng3 Re8 16. Nxh5 Nxh5 17. Ng5 Nf4 18. Bxf4 Rf8 19. Qh5 h6 20. Nxf7 Rxf7 21. Qxf7+ 1-0

[Event "SCO-ch 119th"]
[Site "Glasgow"]
[Date "2012.07.14"]
[Round "9"]
[White "Brunello, Roberta"]
[Black "Sigurdarson, Emil"]
[Result "1/2-1/2"]
[WhiteElo "1982"]
[BlackElo "1808"]
[PlyCount "114"]
[EventDate "2012.07.07"]
[EventType "swiss"]
[EventRounds "9"]
[EventCountry "SCO"]
[SourceTitle "EXT 2023"]
[Source "ChessBase"]
[SourceDate "2022.10.05"]
[SourceVersion "1"]
[SourceVersionDate "2022.10.05"]
[SourceQuality "1"]

1. e4 c6 2. d4 d5 3. e5 Bf5 4. Nf3 e6 5. Be2 c5 6. c3 Nc6 7. 0-0 Qb6 8. dxc5 Bxc5 9. b4 Be7 10. Be3 Qc7 11. Na3 a6 12. Qa4 Rc8 13. Rac1 f6 14. Bf4 Qd7 15. b5 Na7 16. c4 Bc5 17. cxd5 exd5 18. exf6 gxf6 19. Be3 Bxe3 20. Rxc8+ Nxc8 21. fxe3 Nge7 22. Qh4 Qd6 23. bxa6 bxa6 24. Nd4 Qxa3 25. Nxf5 Nxf5 26. Qh5+ Ke7 27. Qxf5 Qxe3+ 28. Rf2 Qe5 29. Qc2 Nd6 30. Qc7+ Ke6 31. Bxa6 Qd4 32. g3 Ra8 33. Bb5 Ra7 34. Qc6 h5 35. a4 Ke5 36. Kf1 Re7 37. Qc1 Ne4 38. Qf4+ Ke6 39. Qf5+ Kd6 40. Re2 h4 41. Qf4+ Re5 42. Kg2 hxg3 43. hxg3 Qc3 44. g4 Ke7 45. Re3 Qd2+ 46. Be2 Qa2 47. Qh6 Qxa4 48. Qg7+ Kd8 49. Qb7 Qd7 50. Qb8+ Qc8 51. Qb4 Rg5 52. Rxe4 dxe4 53. Qf8+ Kc7 54. Qxf6 Rxg4+ 55. Bxg4 Qxg4+ 56. Kf2 Qf3+ 57. Qxf3 exf3 1/2-1/2

[Event "Milan Crespi op-A 32nd"]
[Site "Milan"]
[Date "2011.12.04"]
[Round "2"]
[White "Brunello, Roberta"]
[Black "Astengo, Corrado"]
[Result "1/2-1/2"]
[WhiteElo "1969"]
[BlackElo "2095"]
[PlyCount "57"]
[EventDate "2011.12.03"]
[EventType "swiss"]
[EventRounds "9"]
[EventCountry "ITA"]
[SourceTitle "EXT 2022"]
[Source "ChessBase"]
[SourceDate "2021.10.06"]
[SourceVersion "1"]
[SourceVersionDate "2021.10.06"]
[SourceQuality "1"]

1. e4 c5 2. c3 d5 3. exd5 Qxd5 4. d4 Nf6 5. Nf3 Bg4 6. Be2 e6 7. h3 Bh5 8. 0-0 Nc6 9. Be3 cxd4 10. cxd4 Be7 11. Nc3 Qd6 12. Qb3 0-0 13. Rfd1 Rfd8 14. a3 Rac8 15. Rac1 Qb8 16. d5 exd5 17. Nxd5 Nxd5 18. Rxd5 Bg6 19. Rcd1 Rxd5 20. Rxd5 Rd8 21. Nd4 Nxd4 22. Bxd4 b6 23. Rxd8+ Qxd8 24. Qc3 Bf8 25. a4 h6 26. b4 Qd6 27. a5 Qxb4 28. Qxb4 Bxb4 29. axb6 1/2-1/2

[Event "Wch U20 Girls 29th"]
[Site "Chennai"]
[Date "2011.08.15"]
[Round "13"]
[White "Hema, Priya N"]
[Black "Brunello, Roberta"]
[Result "1/2-1/2"]
[WhiteElo "1885"]
[BlackElo "2036"]
[PlyCount "122"]
[EventDate "2011.08.02"]
[EventType "swiss"]
[EventRounds "13"]
[EventCountry "IND"]
[SourceTitle "CBM 143 Extra"]
[Source "ChessBase"]
[SourceDate "2011.08.29"]
[SourceVersion "1"]
[SourceVersionDate "2011.08.29"]
[SourceQuality "1"]

1. d4 d5 2. Nf3 Nf6 3. c4 e6 4. g3 Be7 5. Bg2 0-0 6. 0-0 dxc4 7. Qc2 a6 8. a4 Bd7 9. Qxc4 Bc6 10. Bf4 Nbd7 11. Nc3 Nb6 12. Qb3 Nbd5 13. Bd2 Nxc3 14. bxc3 Ne4 15. Bf4 Bf6 16. Rfd1 b5 17. axb5 axb5 18. Rxa8 Qxa8 19. Qb2 Rc8 20. Ra1 Qb7 21. Be5 Bd5 22. Ra5 Rb8 23. Bxf6 gxf6 24. Ne1 Nd6 25. Bxd5 Qxd5 26. Qa2 Qc6 27. Qa1 Ne4 28. Ra3 b4 29. cxb4 Rxb4 30. f3 Nd2 31. Qc3 Qxc3 32. Rxc3 Rxd4 33. Rxc7 Nc4 34. Kf2 Nd6 35. Nd3 Ra4 36. Rd7 Nb5 37. Nf4 Ra8 38. g4 Nc3 39. Rd3 Rc8 40. e4 Kf8 41. Rd7 Ke8 42. Rb7 Nd1+ 43. Kg3 Ne3 44. Nh5 f5 45. gxf5 exf5 46. Nf6+ Kf8 47. Nxh7+ Kg8 48. Ng5 Rc2 49. Kf4 Nc4 50. h4 fxe4 51. Nxe4 Rc1 52. Rc7 Rc2 53. Ng5 Ne3 54. Rxc2 Nxc2 55. Kf5 Kg7 56. f4 Ne3+ 57. Ke4 Ng2 58. Nf3 Kh6 59. Kf5 Kh5 60. Kf6 Nxf4 61. Kxf7 Ng2 1/2-1/2

[Event "Wch U20 Girls 29th"]
[Site "Chennai"]
[Date "2011.08.13"]
[Round "11"]
[White "Brunello, Roberta"]
[Black "Narenthran, Savithri"]
[Result "1-0"]
[WhiteElo "2036"]
[BlackElo "1693"]
[PlyCount "91"]
[EventDate "2011.08.02"]
[EventType "swiss"]
[EventRounds "13"]
[EventCountry "IND"]
[SourceTitle "CBM 143 Extra"]
[Source "ChessBase"]
[SourceDate "2011.08.29"]
[SourceVersion "1"]
[SourceVersionDate "2011.08.29"]
[SourceQuality "1"]

1. e4 e5 2. Nf3 Nf6 3. Nxe5 d6 4. Nf3 Nxe4 5. Nc3 Nxc3 6. dxc3 Be7 7. Be3 Nd7 8. Qd2 0-0 9. 0-0-0 Nc5 10. h4 a5 11. Bd3 Nxd3+ 12. Qxd3 Qd7 13. Nd4 Bf6 14. f3 Qa4 15. Kb1 Bxd4 16. cxd4 c6 17. g4 Be6 18. b3 Qa3 19. Qc3 Qb4 20. Kb2 Rfe8 21. Bf4 Bd5 22. Rhf1 Rad8 23. Qd3 Be6 24. h5 d5 25. g5 g6 26. Be5 Bf5 27. Qe3 b6 28. h6 a4 29. a3 Qb5 30. Rfe1 Re6 31. Qd2 axb3 32. cxb3 c5 33. Bf6 Rd7 34. Qf4 Rb7 35. a4 Qc6 36. Rxe6 fxe6 37. Rc1 Kf7 38. Qe5 Ke8 39. Ka3 Kd7 40. dxc5 bxc5 41. Qc3 Qb6 42. Be5 Kc6 43. Bd4 Kd7 44. Bxc5 Qd8 45. Qg7+ Kc6 46. Be7+ 1-0

[Event "Wch U20 Girls 29th"]
[Site "Chennai"]
[Date "2011.08.12"]
[Round "10"]
[White "Bala, Kannamma P"]
[Black "Brunello, Roberta"]
[Result "1-0"]
[WhiteElo "1931"]
[BlackElo "2036"]
[PlyCount "117"]
[EventDate "2011.08.02"]
[EventType "swiss"]
[EventRounds "13"]
[EventCountry "IND"]
[SourceTitle "CBM 143 Extra"]
[Source "ChessBase"]
[SourceDate "2011.08.29"]
[SourceVersion "1"]
[SourceVersionDate "2011.08.29"]
[SourceQuality "1"]

1. e4 e5 2. Nf3 Nc6 3. Bb5 d6 4. d4 Bd7 5. 0-0 Nf6 6. Nc3 Be7 7. Re1 exd4 8. Nxd4 0-0 9. Nxc6 Bxc6 10. Bxc6 bxc6 11. Bg5 Rb8 12. Rb1 Re8 13. Qf3 Nd7 14. Bxe7 Qxe7 15. b3 Nc5 16. h3 Qe5 17. Re3 Re6 18. Rbe1 Rbe8 19. a4 Qd4 20. Rd1 Qb4 21. Rde1 Re5 22. Qg4 R5e6 23. h4 d5 24. Na2 Qa3 25. exd5 cxd5 26. Qb4 Qxa2 27. Qxc5 Rxe3 28. Rxe3 Rxe3 29. fxe3 Qa1+ 30. Kf2 Qe5 31. Qxa7 h5 32. Qd4 Qf5+ 33. Kg1 Qxc2 34. Qxd5 Qc1+ 35. Kf2 g6 36. a5 Qb2+ 37. Kg3 Qe2 38. Kh2 Qxe3 39. Qd8+ Kg7 40. Qxc7 Qe1 41. Qf4 Qxa5 42. b4 Qd5 43. Qg3 Qe4 44. b5 Qb4 45. Qe5+ Kh7 46. g3 Qd2+ 47. Kg1 Qc2 48. Kf1 Qd2 49. Qe2 Qd4 50. Kg2 Kg7 51. Kh2 Kh7 52. Kg2 Kg7 53. Kf3 Qg4+ 54. Kf2 Qd4+ 55. Kf1 Kh7 56. Qc2 Qe3 57. Kg2 Qd4 58. Qb3 f5 59. b6 1-0

[Event "Wch U20 Girls 29th"]
[Site "Chennai"]
[Date "2011.08.11"]
[Round "9"]
[White "Brunello, Roberta"]
[Black "Nivedhitha, JG."]
[Result "1-0"]
[WhiteElo "2036"]
[BlackElo "1743"]
[PlyCount "97"]
[EventDate "2011.08.02"]
[EventType "swiss"]
[EventRounds "13"]
[EventCountry "IND"]
[SourceTitle "CBM 143 Extra"]
[Source "ChessBase"]
[SourceDate "2011.08.29"]
[SourceVersion "1"]
[SourceVersionDate "2011.08.29"]
[SourceQuality "1"]

1. e4 c5 2. c3 g6 3. d4 cxd4 4. cxd4 d5 5. exd5 Nf6 6. Nc3 Nxd5 7. Bb5+ Nc6 8. Qa4 Qd6 9. Nf3 Bg7 10. Ne4 Qb4+ 11. Bd2 Qxa4 12. Bxa4 0-0 13. Bxc6 bxc6 14. Rc1 Rb8 15. b3 Bb7 16. 0-0 Rfd8 17. Nc5 Ba8 18. Rfe1 e6 19. Bg5 Bf6 20. Bxf6 Nxf6 21. Rc4 Nd7 22. Nxd7 Rxd7 23. Re5 Kg7 24. Ra5 Rb5 25. Ra6 c5 26. Ne5 Rxd4 27. Rxd4 cxd4 28. f4 Rb7 29. Rd6 Rc7 30. Rxd4 Rc1+ 31. Kf2 Rc2+ 32. Ke3 Rxa2 33. Rd7 Bxg2 34. Nxf7 Bd5 35. Ng5+ Kg8 36. Nxh7 Bxb3 37. h3 Bd5 38. Ng5 Ra4 39. Nf7 Re4+ 40. Kf3 Rd4+ 41. Kg3 a5 42. Ra7 a4 43. Ne5 Rb4 44. Kg4 Rb1 45. Kg5 Rb3 46. Kf6 Rxh3 47. Rd7 Be4 48. Rd8+ Kh7 49. Nf7 1-0

[Event "Wch U20 Girls 29th"]
[Site "Chennai"]
[Date "2011.08.07"]
[Round "6"]
[White "Brunello, Roberta"]
[Black "Savant, Riya"]
[Result "0-1"]
[WhiteElo "2036"]
[BlackElo "1743"]
[PlyCount "48"]
[EventDate "2011.08.02"]
[EventType "swiss"]
[EventRounds "13"]
[EventCountry "IND"]
[SourceTitle "CBM 143 Extra"]
[Source "ChessBase"]
[SourceDate "2011.08.29"]
[SourceVersion "1"]
[SourceVersionDate "2011.08.29"]
[SourceQuality "1"]

1. e4 c5 2. c3 g6 3. d4 cxd4 4. cxd4 d5 5. exd5 Nf6 6. Nc3 Nxd5 7. Bb5+ Nc6 8. Nf3 Bg7 9. Qb3 Nxc3 10. bxc3 0-0 11. Bf4 Be6 12. Qb2 Bd5 13. Qe2 Bxf3 14. Qxf3 Nxd4 15. Qxb7 Nxb5 16. Qxb5 Bxc3+ 17. Ke2 Bxa1 18. Rxa1 Qd4 19. Be5 Qe4+ 20. Kf1 Rad8 21. Bc3 Rd5 22. Qb2 Rfd8 23. f3 Qe3 24. Qc2 Rc5 0-1

[Event "Wch U20 Girls 29th"]
[Site "Chennai"]
[Date "2011.08.03"]
[Round "2"]
[White "Brunello, Roberta"]
[Black "Hansen, Erle Andrea Marki"]
[Result "0-1"]
[WhiteElo "2036"]
[BlackElo "1770"]
[PlyCount "78"]
[EventDate "2011.08.02"]
[EventType "swiss"]
[EventRounds "13"]
[EventCountry "IND"]
[SourceTitle "CBM 143 Extra"]
[Source "ChessBase"]
[SourceDate "2011.08.29"]
[SourceVersion "1"]
[SourceVersionDate "2011.08.29"]
[SourceQuality "1"]

1. e4 c5 2. c3 d5 3. exd5 Qxd5 4. d4 Nf6 5. Nf3 e6 6. Be2 Nc6 7. 0-0 Be7 8. Be3 cxd4 9. cxd4 0-0 10. Nc3 Qd8 11. Qb3 b6 12. Rfd1 Bb7 13. Rac1 Rc8 14. Ne5 Na5 15. Qa4 Nd5 16. Nxd5 Bxd5 17. b4 Nb7 18. Rxc8 Qxc8 19. Qxa7 Qc2 20. Qa6 Nd6 21. Rc1 Qb2 22. Bd1 Nf5 23. Qd3 Nxe3 24. Qxe3 h6 25. Nd3 Qxa2 26. Bf3 Bg5 27. Nf4 Bxf3 28. Qxf3 Qb2 29. Rd1 Qxb4 30. Nh5 Qa4 31. h4 Bxh4 32. Qg4 g6 33. Re1 Bg5 34. Ng3 b5 35. Re5 b4 36. Qe4 b3 37. Ne2 Qb4 38. Qd3 b2 39. Nc3 Rc8 0-1

[Event "Milan Crespi op-A 31st"]
[Site "Milan"]
[Date "2010.12.11"]
[Round "9"]
[White "Brunello, Roberta"]
[Black "Formento, Paolo"]
[Result "1/2-1/2"]
[WhiteElo "2063"]
[BlackElo "1976"]
[PlyCount "92"]
[EventDate "2010.12.04"]
[EventType "swiss"]
[EventRounds "9"]
[EventCountry "ITA"]
[SourceTitle "CBM 139 Extra"]
[Source "ChessBase"]
[SourceDate "2011.01.05"]
[SourceVersion "1"]
[SourceVersionDate "2011.01.05"]
[SourceQuality "1"]

1. e4 e6 2. d4 d5 3. e5 c5 4. c3 Nc6 5. Nf3 Qb6 6. a3 Nh6 7. b4 cxd4 8. cxd4 Nf5 9. Bb2 Bd7 10. Be2 Be7 11. 0-0 h5 12. Qd3 g5 13. Rd1 g4 14. Ne1 Rg8 15. Nc2 Bg5 16. Nd2 a6 17. Bf1 Nce7 18. Nb3 Ng6 19. Bc1 Bxc1 20. Raxc1 g3 21. hxg3 Nxe5 22. dxe5 Rxg3 23. Ne3 Nxe3 24. fxe3 Rxe3 25. Qd4 Qxd4 26. Nxd4 Rxe5 27. Kf2 Rc8 28. Rxc8+ Bxc8 29. Bd3 Rg5 30. Rc1 Kd8 31. b5 axb5 32. Nxb5 Bd7 33. Nd6 Ke7 34. Nxb7 d4 35. Nc5 Bc6 36. g3 Kd6 37. Nb3 e5 38. Nd2 Bd5 39. Bc4 f5 40. a4 e4 41. Nb3 e3+ 42. Ke2 Rxg3 43. Nxd4 Bxc4+ 44. Rxc4 Kd5 45. Rb4 Kc5 46. Nxf5 Kxb4 1/2-1/2

[Event "Milan Crespi op-A 31st"]
[Site "Milan"]
[Date "2010.12.04"]
[Round "1"]
[White "Brunello, Roberta"]
[Black "Lapiccirella, Daniele"]
[Result "0-1"]
[WhiteElo "2063"]
[BlackElo "2225"]
[PlyCount "64"]
[EventDate "2010.12.04"]
[EventType "swiss"]
[EventRounds "9"]
[EventCountry "ITA"]
[SourceTitle "CBM 139 Extra"]
[Source "ChessBase"]
[SourceDate "2011.01.05"]
[SourceVersion "1"]
[SourceVersionDate "2011.01.05"]
[SourceQuality "1"]

1. e4 c5 2. c3 d5 3. exd5 Qxd5 4. d4 e6 5. Nf3 Nf6 6. Be2 Nc6 7. 0-0 cxd4 8. cxd4 Be7 9. Nc3 Qd8 10. Be3 0-0 11. Qb3 b6 12. Rfd1 Bb7 13. Ne5 Nb4 14. Bc4 Nbd5 15. Bg5 Nxc3 16. bxc3 Nd5 17. Bxe7 Qxe7 18. Bf1 Nf4 19. g3 Ng6 20. Nd3 Rac8 21. Rac1 Rfd8 22. Nb4 Qg5 23. Bg2 Bxg2 24. Kxg2 h5 25. Nc2 Nf4+ 26. Kf1 Nd3 27. Rb1 Qf5 28. Rd2 Qf3 29. Kg1 h4 30. c4 h3 31. Ne3 Ne5 32. Rc1 Qe4 0-1

[Event "EU Union-ch 6th"]
[Site "Arvier"]
[Date "2010.09.12"]
[Round "9"]
[White "Brunello, Roberta"]
[Black "Grant, Jonathan"]
[Result "0-1"]
[WhiteElo "2066"]
[BlackElo "2210"]
[PlyCount "68"]
[EventDate "2010.09.04"]
[EventType "swiss"]
[EventRounds "9"]
[EventCountry "ITA"]
[SourceTitle "CBM 138 Extra"]
[Source "ChessBase"]
[SourceDate "2010.10.29"]
[SourceVersion "1"]
[SourceVersionDate "2010.10.29"]
[SourceQuality "1"]

1. e4 c6 2. d4 d5 3. e5 Bf5 4. Nf3 e6 5. Be2 Nd7 6. 0-0 h6 7. Nbd2 Ne7 8. b3 Bh7 9. Re1 Ng6 10. Nf1 Bb4 11. Bd2 Qa5 12. Bxb4 Qxb4 13. Qc1 0-0 14. Qe3 c5 15. c4 cxd4 16. Qxd4 Ne7 17. Bd3 Bxd3 18. Qxd3 Nc5 19. Qd2 a5 20. Rec1 b6 21. Rc2 Rfd8 22. Qe3 Nf5 23. Qf4 a4 24. Rb1 axb3 25. axb3 Rac8 26. g4 g5 27. Nxg5 hxg5 28. Qxg5+ Ng7 29. Ng3 Ne4 30. Qh6 Nxg3 31. hxg3 dxc4 32. f3 Qc5+ 33. Kh1 Qxe5 34. Rg2 Kf8 0-1

[Event "Condino op"]
[Site "Condino"]
[Date "2010.07.29"]
[Round "6"]
[White "Brunello, Roberta"]
[Black "Bonugli, Carlo"]
[Result "1/2-1/2"]
[WhiteElo "2064"]
[BlackElo "2032"]
[PlyCount "39"]
[EventDate "2010.07.26"]
[EventType "swiss"]
[EventRounds "7"]
[EventCountry "ITA"]
[SourceTitle "CBM 137 Extra"]
[Source "ChessBase"]
[SourceDate "2010.09.01"]
[SourceVersion "1"]
[SourceVersionDate "2010.09.01"]
[SourceQuality "1"]

1. e4 e6 2. d4 d5 3. e5 c5 4. c3 Nc6 5. Nf3 Bd7 6. a3 c4 7. Nbd2 Na5 8. Be2 Bc6 9. 0-0 Qd7 10. Rb1 Ba4 11. Qe1 Bc2 12. Ra1 0-0-0 13. Bd1 Bd3 14. Be2 Bc2 15. Bd1 Bd3 16. Be2 Bc2 17. Ra2 Kb8 18. Bd1 Bd3 19. Be2 Bc2 20. Bd1 1/2-1/2

[Event "Condino op"]
[Site "Condino"]
[Date "2010.07.27"]
[Round "4"]
[White "Dittmar, Peter"]
[Black "Brunello, Roberta"]
[Result "1-0"]
[WhiteElo "2326"]
[BlackElo "2064"]
[PlyCount "65"]
[EventDate "2010.07.26"]
[EventType "swiss"]
[EventRounds "7"]
[EventCountry "ITA"]
[SourceTitle "CBM 137 Extra"]
[Source "ChessBase"]
[SourceDate "2010.09.01"]
[SourceVersion "1"]
[SourceVersionDate "2010.09.01"]
[SourceQuality "1"]

1. c4 e6 2. g3 d5 3. Bg2 Nf6 4. Nf3 Be7 5. 0-0 0-0 6. d4 dxc4 7. Qc2 a6 8. a4 Bd7 9. Ne5 Bc6 10. Nxc6 Nxc6 11. e3 Nd5 12. a5 Bb4 13. Bd2 Nxa5 14. Rxa5 Bxa5 15. Bxa5 b5 16. b3 cxb3 17. Qxb3 Rb8 18. Rc1 Qd7 19. Nc3 Nb6 20. Ne4 Nc4 21. Bb4 Rfd8 22. Nc5 Qc8 23. Qc3 c6 24. Bf1 Nb6 25. Ba5 Re8 26. Ne4 Nd5 27. Qc5 Qd7 28. Nd6 Re7 29. e4 Nf6 30. Bg2 h6 31. h4 Qa7 32. Qxc6 b4 33. Nc8 1-0

[Event "Condino op"]
[Site "Condino"]
[Date "2010.07.26"]
[Round "1"]
[White "Brunello, Roberta"]
[Black "Galas, Franco"]
[Result "1-0"]
[WhiteElo "2064"]
[BlackElo "1771"]
[PlyCount "115"]
[EventDate "2010.07.26"]
[EventType "swiss"]
[EventRounds "7"]
[EventCountry "ITA"]
[SourceTitle "CBM 137 Extra"]
[Source "ChessBase"]
[SourceDate "2010.09.01"]
[SourceVersion "1"]
[SourceVersionDate "2010.09.01"]
[SourceQuality "1"]

1. e4 c5 2. c3 Nc6 3. d4 cxd4 4. cxd4 e6 5. Nf3 g6 6. Nc3 Bg7 7. Nb5 Qa5+ 8. Bd2 Qd8 9. Nd6+ Kf8 10. Bc3 Qe7 11. e5 Nh6 12. Qb3 Nf5 13. Nxc8 Rxc8 14. Qxb7 Rb8 15. Qa6 Bh6 16. a3 Rb6 17. Qa4 Kg7 18. Bb5 Ra8 19. 0-0 Nh4 20. Nxh4 Qxh4 21. Bxc6 Rxc6 22. Rad1 a6 23. Rd3 Qd8 24. d5 exd5 25. e6+ Rxc3 26. bxc3 dxe6 27. c4 d4 28. Rfd1 Kg8 29. c5 Bg7 30. c6 Qc7 31. Rb3 Rc8 32. Rc1 Qf4 33. Qc4 Be5 34. g3 Qf6 35. Qxa6 Qd8 36. Qc4 h5 37. Rb7 Bc7 38. a4 h4 39. Kg2 hxg3 40. hxg3 Qd6 41. Rd1 e5 42. a5 Qf6 43. a6 e4 44. Kg1 e3 45. fxe3 Qf3 46. a7 Qxg3+ 47. Kf1 Qf3+ 48. Kg1 Qxe3+ 49. Kf1 Qf3+ 50. Ke1 Re8+ 51. Kd2 Bf4+ 52. Kc2 d3+ 53. Rxd3 Qe2+ 54. Kb3 Rf8 55. Rxf7 Rxf7 56. a8Q+ Kg7 57. Qa2 Qe8 58. Qa5 1-0

[Event "Condino op"]
[Site "Condino"]
[Date "2010.07.26"]
[Round "2"]
[White "Poletti, Fausto"]
[Black "Brunello, Roberta"]
[Result "1/2-1/2"]
[WhiteElo "1901"]
[BlackElo "2064"]
[PlyCount "81"]
[EventDate "2010.07.26"]
[EventType "swiss"]
[EventRounds "7"]
[EventCountry "ITA"]
[SourceTitle "CBM 137 Extra"]
[Source "ChessBase"]
[SourceDate "2010.09.01"]
[SourceVersion "1"]
[SourceVersionDate "2010.09.01"]
[SourceQuality "1"]

1. Nf3 d5 2. d4 Nf6 3. e3 e6 4. Nbd2 Nbd7 5. b3 Bd6 6. Bb2 Qe7 7. c4 c6 8. Be2 e5 9. dxe5 Nxe5 10. Nxe5 Bxe5 11. Bxe5 Qxe5 12. 0-0 0-0 13. Nf3 Qe7 14. Qc2 Bg4 15. Rfd1 Rad8 16. h3 Bh5 17. Rac1 Rfe8 18. c5 Ne4 19. b4 f5 20. Nd4 Bxe2 21. Qxe2 Qg5 22. Qf3 g6 23. a4 Qf6 24. Rc2 Ng5 25. Qg3 Ne6 26. Nxe6 Rxe6 27. Qc7 Qe7 28. Qxe7 Rxe7 29. Rd4 Kf7 30. Kf1 Re6 31. Ke2 a5 32. b5 Rc8 33. b6 Kf6 34. Kd3 Rce8 35. Re2 Re4 36. f3 Rxd4+ 37. exd4 Rxe2 38. Kxe2 Kg5 39. g3 f4 40. Kf2 h5 41. g4 1/2-1/2

[Event "EU-ch (Women) 11th"]
[Site "Rijeka"]
[Date "2010.03.15"]
[Round "9"]
[White "Brunello, Roberta"]
[Black "Yusuphanova, Saida"]
[Result "1/2-1/2"]
[WhiteElo "2043"]
[BlackElo "1843"]
[PlyCount "126"]
[EventDate "2010.03.06"]
[EventType "swiss"]
[EventRounds "11"]
[EventCountry "CRO"]
[SourceTitle "CBM 135 Extra"]
[Source "ChessBase"]
[SourceDate "2010.05.04"]
[SourceVersion "1"]
[SourceVersionDate "2010.05.04"]
[SourceQuality "1"]

1. e4 c5 2. c3 Nf6 3. e5 Nd5 4. d4 cxd4 5. Nf3 Nc6 6. cxd4 d6 7. Bc4 Nb6 8. Bb5 dxe5 9. Nxe5 Bd7 10. Nxd7 Qxd7 11. Nc3 e6 12. Qg4 f5 13. Qe2 Be7 14. 0-0 0-0 15. Rd1 Rad8 16. Bf4 a6 17. d5 axb5 18. dxc6 Qxc6 19. Nxb5 Rxd1+ 20. Rxd1 Nd5 21. Be5 Bf6 22. Nd4 Qc8 23. h3 Ne7 24. Re1 Bxe5 25. Qxe5 Nc6 26. Nxc6 Qxc6 27. Qxe6+ Qxe6 28. Rxe6 Ra8 29. a3 Rc8 30. Rb6 Rc1+ 31. Kh2 Rc7 32. Kg3 g6 33. Kf4 Re7 34. Kg5 Kg7 35. f3 Kf7 36. a4 Rc7 37. a5 Ke8 38. Kf6 Kd8 39. b4 Kc8 40. Re6 Rc2 41. Ke7 Kc7 42. Re5 Rxg2 43. Rc5+ Kb8 44. b5 b6 45. axb6 Kb7 46. Kf6 Kxb6 47. Rc8 Rg3 48. h4 Kxb5 49. h5 gxh5 50. f4 Rg6+ 51. Kxf5 h4 52. Rc7 Rh6 53. Kg5 Kb6 54. Re7 Rg6+ 55. Kxh4 h6 56. Rh7 Kc6 57. Kh5 Rg1 58. Kxh6 Kd6 59. Rg7 Rf1 60. Rg4 Ke6 61. Kg6 Rf2 62. f5+ Rxf5 63. Re4+ Re5 1/2-1/2

[Event "EU-ch (Women) 11th"]
[Site "Rijeka"]
[Date "2010.03.14"]
[Round "8"]
[White "Nemcova, Katerina"]
[Black "Brunello, Roberta"]
[Result "1-0"]
[WhiteElo "2264"]
[BlackElo "2043"]
[PlyCount "51"]
[EventDate "2010.03.06"]
[EventType "swiss"]
[EventRounds "11"]
[EventCountry "CRO"]
[SourceTitle "CBM 135 Extra"]
[Source "ChessBase"]
[SourceDate "2010.05.04"]
[SourceVersion "1"]
[SourceVersionDate "2010.05.04"]
[SourceQuality "1"]

1. e4 e5 2. Nf3 Nc6 3. Bc4 Bc5 4. 0-0 Nf6 5. d4 Bxd4 6. Nxd4 Nxd4 7. f4 d6 8. fxe5 dxe5 9. Bg5 Be6 10. Na3 Qe7 11. c3 Nc6 12. Kh1 Bxc4 13. Nxc4 Qe6 14. Bxf6 Qxc4 15. Bxg7 Rg8 16. Bf6 Qxe4 17. Qd2 Rg6 18. Rad1 Qg4 19. Qf2 Qe6 20. b4 a6 21. a4 b6 22. b5 axb5 23. axb5 Ne7 24. Bxe5 Ra2 25. Qd4 Ra8 26. Bxc7 1-0

[Event "Breizh Masters (Women)"]
[Site "Guingamp"]
[Date "2010.02.27"]
[Round "9"]
[White "Aflalo, Sophie"]
[Black "Brunello, Roberta"]
[Result "0-1"]
[WhiteElo "2033"]
[BlackElo "2043"]
[PlyCount "78"]
[EventDate "2010.02.19"]
[EventType "swiss"]
[EventRounds "9"]
[EventCountry "FRA"]
[SourceTitle "CBM 135 Extra"]
[Source "ChessBase"]
[SourceDate "2010.05.04"]
[SourceVersion "1"]
[SourceVersionDate "2010.05.04"]
[SourceQuality "1"]

1. e4 e5 2. Nf3 Nc6 3. d4 exd4 4. Nxd4 Bc5 5. Be3 Qf6 6. c3 Nge7 7. Bc4 b6 8. 0-0 0-0 9. f4 Bb7 10. e5 Qh6 11. Qe2 Bxd4 12. cxd4 Nf5 13. Qf2 Nce7 14. Nc3 Bxg2 15. Kxg2 Qc6+ 16. d5 Qxc4 17. Rad1 d6 18. Kh1 Rad8 19. Bc1 c6 20. Qf3 cxd5 21. b3 Qc6 22. Ba3 Nh4 23. Qd3 d4+ 24. Ne4 Nef5 25. Rg1 Rfe8 26. Rc1 Qb7 27. h3 dxe5 28. Kh2 exf4 29. Rce1 Kh8 30. Rg4 Ng6 31. h4 Ne3 32. Rxg6 hxg6 33. Rxe3 dxe3 34. Nd6 Rxd6 35. Bxd6 e2 36. Bb4 e1Q 37. Bxe1 Rxe1 38. Qd8+ Kh7 39. h5 Rh1# 0-1

[Event "Breizh Masters (Women)"]
[Site "Guingamp"]
[Date "2010.02.26"]
[Round "8"]
[White "Brunello, Roberta"]
[Black "Fruteau, Sabine"]
[Result "0-1"]
[WhiteElo "2043"]
[BlackElo "2131"]
[PlyCount "70"]
[EventDate "2010.02.19"]
[EventType "swiss"]
[EventRounds "9"]
[EventCountry "FRA"]
[SourceTitle "CBM 135 Extra"]
[Source "ChessBase"]
[SourceDate "2010.05.04"]
[SourceVersion "1"]
[SourceVersionDate "2010.05.04"]
[SourceQuality "1"]

1. e4 e5 2. Nf3 Nc6 3. d4 exd4 4. Nxd4 Bc5 5. Be3 Qf6 6. c3 Qg6 7. Qe2 Nge7 8. Nb5 Bxe3 9. Nxc7+ Kd8 10. Nxa8 Bf4 11. g3 Bb8 12. Bg2 Re8 13. 0-0 b6 14. Qb5 Bb7 15. Nxb6 axb6 16. Qxb6+ Kc8 17. Nd2 Bc7 18. Qb3 Ne5 19. Rad1 N7c6 20. c4 Ng4 21. c5 Nce5 22. h3 Nf6 23. f4 Nc6 24. e5 Nh5 25. g4 Na5 26. Bxb7+ Nxb7 27. Kh1 Qc6+ 28. Kh2 Nxf4 29. Nf3 Rxe5 30. Rd2 Re3 31. Qxf7 Ne6+ 32. Kg1 Nbxc5 33. Qe8+ Kb7 34. Nd4 Rg3+ 35. Kf2 Qg2+ 0-1